Az igazságosság-elméletek korlátai megjegyzések Thomas Nagel egyik passzusából kiindulva /
Elmentve itt :
| Szerző: | |
|---|---|
| Testületi szerző: | |
| Dokumentumtípus: | Könyv része |
| Megjelent: |
2009
|
| Sorozat: | Lábjegyzetek Platónhoz
7 Az igazságosság 7 |
| Kulcsszavak: | Thomas Nagel, Igazságosság - filozófia, Igazságosság-elméletek |
| Tárgyszavak: | |
| Online Access: | http://acta.bibl.u-szeged.hu/49149 |
| LEADER | 00945naa a2200241 i 4500 | ||
|---|---|---|---|
| 001 | acta49149 | ||
| 005 | 20220107123426.0 | ||
| 008 | 170803s2009 hu o 0|| hun d | ||
| 020 | |a 978 963 06 6704 3 | ||
| 022 | |a 1785 7082 | ||
| 040 | |a SZTE Egyetemi Kiadványok Repozitórium |b hun | ||
| 041 | |a hun | ||
| 100 | 1 | |a Weiss János | |
| 245 | 1 | 3 | |a Az igazságosság-elméletek korlátai |h [elektronikus dokumentum] : |b megjegyzések Thomas Nagel egyik passzusából kiindulva / |c Weiss János |
| 260 | |c 2009 | ||
| 300 | |a 133-141 | ||
| 490 | 0 | |a Lábjegyzetek Platónhoz |v 7 | |
| 490 | 0 | |a Az igazságosság |v 7 | |
| 650 | 4 | |a Bölcsészettudományok | |
| 650 | 4 | |a Filozófia, etika és vallástudományok | |
| 695 | |a Thomas Nagel, Igazságosság - filozófia, Igazságosság-elméletek | ||
| 710 | |a Lábjegyzetek Platónhoz: Az igazságosság (2008) (Szeged) | ||
| 856 | 4 | 0 | |u http://acta.bibl.u-szeged.hu/49149/1/platonhoz_007_133-141.pdf |z Dokumentum-elérés |